| 000 | 00658nam a2200193 i 4500 | ||
|---|---|---|---|
| 001 | 83086 | ||
| 003 | ES-MaACL | ||
| 005 | 20230906174757.0 | ||
| 007 | t| | ||
| 008 | 041115s1976 sp ||||1| eng d | ||
| 245 | 0 | 2 |
_aA germ plasm collection of crucifers _b: = (Colección de germoplasma de crucíferas) / _cInstituto Nacional de Investigaciones Agrarias. |
| 260 |
_aMadrid : _b[I.N.I.A., _c1976] |
||
| 300 |
_a33 p. : _bil. ; _c21 cm. |
||
| 490 | 1 | _aCatálogos INIA | |
| 710 | 2 |
_aInstituto Nacional de Investigaciones Agrarias (España) _95168 |
|
| 830 | 0 |
_aCatálogos INIA _9183769 |
|
| 852 |
_aES-MaACL _j2096-F-21 _bR.94390 |
||
| 999 |
_c83086 _d83086 |
||